| 000 | 00682nam a2200217Ia 4500 | ||
|---|---|---|---|
| 003 | OSt | ||
| 005 | 20240504093817.0 | ||
| 008 | 210210b1982 xxu||||| |||| 00| 0 eng d | ||
| 040 | _cAL | ||
| 041 | _aKannada | ||
| 082 | _aK894.3 YAMA | ||
| 100 |
_aYAMINI SARASVATI. _dಯಾಮಿನಿ ಸರಸ್ವತಿ _9163131 |
||
| 245 |
_aAkasha mallige. _b ಆಕಾಶ ಮಲ್ಲಿಗೆ |
||
| 260 |
_aBengaluru _bBhagyalakshmi Prakashana _c1982 |
||
| 300 | _aviii,112 | ||
| 650 |
_aRamanna Arhejje _9163132 |
||
| 690 |
_aKannada Fiction _9163133 |
||
| 700 |
_aRamanna Arhejje. _dರಾಮಣ್ಣ ಅರ್ಹೆಜ್ಜೆ Tr _9163134 |
||
| 906 | _a036103 | ||
| 942 |
_2ddc _cBK |
||
| 999 |
_c86875 _d86875 |
||